[Event "26.Schlosspark-Open"]
[Site "Wiesbaden-Biebrich"]
[Date "2014.08.30"]
[Round "4.52"]
[White "Gelfenbaum, Daniel"]
[Black "Zimmer, Gerald"]
[Result "0-1"]
[WhiteElo "1716"]
[BlackElo "1975"]
[PlyCount "74"]
[EventDate "2014.??.??"]
[WhiteTeam "SAbt TuS Makkabi Ffm"]
[BlackTeam "SC Bergen-Enkheim 1922"]

1. e4 e6 2. d4 d5 3. Nc3 Bb4 4. e5 Ne7 5. Bd2 b6 6. a3 Bxc3 7. Bxc3 c5 8. Nf3
Ba6 9. Bxa6 Nxa6 10. Qe2 Nc7 11. O-O O-O 12. b3 Qd7 13. a4 Nf5 14. Rad1 Qc6 15.
Bb2 Rac8 16. c4 Rfd8 17. Qc2 Na6 18. Ba3 Nb4 19. Bxb4 cxb4 20. Qd2 dxc4 21.
Qxb4 cxb3 22. Qxb3 Qc4 23. Qa3 Qc3 24. Qxc3 Rxc3 25. Rc1 Rdc8 26. Rb1 Ra3 27.
Rfc1 Rcc3 28. h3 h6 29. Rxc3 Rxc3 30. Rb4 Ne7 31. Kf1 Nd5 32. Rb2 Ra3 33. Rc2
Rxa4 34. Ke2 Nf4+ 35. Kd2 Nxg2 36. Ne1 Nxe1 37. Kxe1 Rxd4 0-1

[Event "26.Schlosspark-Open"]
[Site "Wiesbaden-Biebrich"]
[Date "2014.08.30"]
[Round "4.53"]
[White "Kirchner, Johanna"]
[Black "Schmidt, Volker"]
[Result "0-1"]
[WhiteElo "1203"]
[BlackElo "1967"]
[PlyCount "84"]
[EventDate "2014.??.??"]
[WhiteTeam "SF Schöneck"]
[BlackTeam "SAbt TuS Dotzheim"]

1. e4 c5 2. Nf3 d6 3. d4 cxd4 4. Nxd4 g6 5. Nc3 Bg7 6. Nd5 a6 7. Be2 Nc6 8. Nf3
e6 9. Nc3 Nge7 10. O-O O-O 11. Re1 Qc7 12. Bd3 b5 13. a3 Bb7 14. Bf4 Rad8 15.
Qe2 Rfe8 16. Rad1 Na5 17. e5 d5 18. Qd2 Nc4 19. Bxc4 dxc4 20. Qe3 Nf5 21. Qe2
Qc6 22. Bg5 Rd4 23. Kh1 h6 24. Be3 Rxd1 25. Rxd1 Kh7 26. Rg1 Rd8 27. h3 Qc7 28.
Bf4 Qc6 29. Be3 a5 30. Na2 Bf8 31. Qe1 Qc7 32. Bd2 Ra8 33. Bc3 Bxf3 34. gxf3
Bc5 35. b4 cxb3 36. cxb3 Bxa3 37. b4 axb4 38. Nxb4 Bxb4 39. Bxb4 Ra4 40. Rg4
Qc2 41. Qd2 Qb1+ 42. Kg2 Ra1 0-1

[Event "26.Schlosspark-Open"]
[Site "Wiesbaden-Biebrich"]
[Date "2014.08.30"]
[Round "4.54"]
[White "Özdemir, Ali Özden"]
[Black "Ley, Sabrina"]
[Result "1-0"]
[WhiteElo "1958"]
[BlackElo "1597"]
[PlyCount "65"]
[EventDate "2014.??.??"]
[WhiteTeam "SK Langen"]
[BlackTeam "SV Turm Lahnstein"]

1. e4 c5 2. Nf3 d6 3. d4 cxd4 4. Nxd4 Nf6 5. Nc3 a6 6. Be3 e5 7. Nb3 b5 8. f3
Bb7 9. Qd2 Nbd7 10. O-O-O Qc7 11. g4 Nb6 12. Na5 Nfd7 13. Kb1 b4 14. Ne2 Rc8
15. Ng3 Nd5 16. exd5 Qxa5 17. f4 Qc7 18. Bg2 a5 19. Rhe1 f6 20. g5 Be7 21. Nf5
Kf7 22. Rf1 exf4 23. Bxf4 Rhe8 24. Rde1 Bf8 25. Ne3 Kg8 26. Bh3 Rb8 27. Be6+
Kh8 28. Ng4 Be7 29. g6 Nf8 30. Bf7 Rec8 31. Qd3 Bd8 32. Rf3 Qc4 33. Re8 1-0

[Event "26.Schlosspark-Open"]
[Site "Wiesbaden-Biebrich"]
[Date "2014.08.30"]
[Round "4.55"]
[White "Soost, Stefan"]
[Black "Krastev, Alexander"]
[Result "1/2-1/2"]
[WhiteElo "1953"]
[BlackElo "1620"]
[PlyCount "41"]
[EventDate "2014.??.??"]
[WhiteTeam "vereinslos"]
[BlackTeam "Biebertaler SF"]

1. e4 e5 2. Nf3 Nc6 3. Bb5 Nf6 4. O-O d6 5. Re1 Be7 6. c3 O-O 7. h3 a6 8. Ba4
Re8 9. d4 b5 10. Bb3 h6 11. Nbd2 Bf8 12. d5 Ne7 13. a4 Bd7 14. Nf1 Ng6 15. Ng3
Nf4 16. Be3 Qc8 17. Qd2 Ng6 18. Ra2 Be7 19. Rea1 Qb7 20. axb5 axb5 21. Rxa8
1/2-1/2

[Event "26.Schlosspark-Open"]
[Site "Wiesbaden-Biebrich"]
[Date "2014.08.30"]
[Round "4.56"]
[White "Haftmann, Rainer"]
[Black "Schmitt, Clemens"]
[Result "1-0"]
[WhiteElo "1920"]
[BlackElo "1581"]
[PlyCount "87"]
[EventDate "2014.??.??"]
[WhiteTeam "SAbt SG 1945 Dietzenbach"]
[BlackTeam "SV Bergwinkel"]

1. e4 e6 2. d4 d5 3. Nd2 Nf6 4. e5 Nfd7 5. Bd3 c5 6. c3 Nc6 7. Ne2 cxd4 8. cxd4
f6 9. exf6 Nxf6 10. O-O Bd6 11. Nf3 O-O 12. b3 Bd7 13. Bb2 Nh5 14. Ne5 Nb4 15.
Bb1 Bb5 16. a3 Bxe5 17. dxe5 Nc6 18. Bd3 Bxd3 19. Qxd3 Nf4 20. Nxf4 Rxf4 21. g3
Rf5 22. f4 Qb6+ 23. Kg2 Na5 24. b4 Nc4 25. Bd4 Qc7 26. a4 a6 27. Rf2 Raf8 28.
Raa2 Qd7 29. Qb3 Qc7 30. Rac2 Rc8 31. b5 Rff8 32. Qb4 Rfe8 33. Rce2 Qa5 34. Qb3
Qc7 35. f5 Rf8 36. fxe6 Rxf2+ 37. Rxf2 Rf8 38. Rxf8+ Kxf8 39. Qf3+ Kg8 40. Qxd5
Kf8 41. Bc5+ Ke8 42. Qxc4 b6 43. Qd5 bxc5 44. bxa6 1-0

[Event "26.Schlosspark-Open"]
[Site "Wiesbaden-Biebrich"]
[Date "2014.08.30"]
[Round "4.57"]
[White "Fellhauer, Clemens"]
[Black "Mütsch, Annmarie"]
[Result "1-0"]
[WhiteElo "2096"]
[BlackElo "1701"]
[PlyCount "51"]
[EventDate "2014.??.??"]
[WhiteTeam "SK 69 Mühlhausen e.V."]
[BlackTeam "SC Eppingen"]

1. e4 e5 2. Bc4 Nf6 3. d3 d6 4. Nf3 Be7 5. c3 h6 6. Nbd2 Be6 7. Bb3 Nbd7 8. h3
c6 9. Bxe6 fxe6 10. Qb3 Nc5 11. Qc2 Qc7 12. O-O Nh5 13. d4 exd4 14. cxd4 Nd7
15. e5 Nf8 16. exd6 Bxd6 17. Nc4 O-O-O 18. Nxd6+ Qxd6 19. Ne5 Qc7 20. Be3 Nf6
21. Bf4 Nd5 22. Bg3 Qe7 23. Nxc6 bxc6 24. Qxc6+ Nc7 25. Rac1 Rd7 26. Qa8# 1-0

[Event "26.Schlosspark-Open"]
[Site "Wiesbaden-Biebrich"]
[Date "2014.08.30"]
[Round "4.58"]
[White "Günther, Rainer"]
[Black "Zeyer, Oliver"]
[Result "0-1"]
[WhiteElo "1704"]
[BlackElo "2022"]
[PlyCount "76"]
[EventDate "2014.??.??"]
[WhiteTeam "SV Mainz-Mombach"]
[BlackTeam "SF HN-Biberach 1978 e.V."]

1. e4 c5 2. Nf3 a6 3. c4 e6 4. Nc3 b6 5. d4 cxd4 6. Nxd4 Bb7 7. Be2 Qc7 8. O-O
Nf6 9. Qd3 d6 10. b3 Nbd7 11. f3 Ne5 12. Qc2 Rc8 13. Bb2 b5 14. f4 Qc5 15. Rad1
Nc6 16. Qd2 e5 17. b4 Qxd4+ 18. Qxd4 Nxd4 19. cxb5 Nxe2+ 20. Nxe2 axb5 21. fxe5
dxe5 22. Bxe5 Be7 23. Ng3 O-O 24. a3 Rfd8 25. Nf5 Bf8 26. Bxf6 gxf6 27. Rde1
Re8 28. Nd4 Bxe4 29. Nxb5 Bd3 30. Rxe8 Rxe8 31. Nc7 Rc8 32. Rd1 Bc2 33. Rd7 Ba4
34. b5 Bxa3 35. Nd5 Bc5+ 36. Kh1 Kg7 37. Rb7 Rd8 38. Nc3 Rd3 0-1

[Event "26.Schlosspark-Open"]
[Site "Wiesbaden-Biebrich"]
[Date "2014.08.30"]
[Round "4.59"]
[White "Lessmann, Sven"]
[Black "Seehaus, Bernhard"]
[Result "1/2-1/2"]
[WhiteElo "1686"]
[BlackElo "2016"]
[PlyCount "51"]
[EventDate "2014.??.??"]
[WhiteTeam "SC Bad Soden"]
[BlackTeam "Schachforum Darmstadt 1994"]

1. f4 d6 2. Nf3 Nf6 3. e3 g6 4. Be2 Bg7 5. O-O c5 6. Nc3 O-O 7. d3 Nc6 8. e4 a6
9. Nh4 Nd4 10. h3 b5 11. a3 e6 12. Nf3 Bb7 13. Be3 Nd7 14. Na2 f5 15. Bxd4 cxd4
16. exf5 exf5 17. Ng5 Re8 18. Bf3 Qb6 19. Bxb7 Qxb7 20. Nf3 Nb6 21. Nc1 Nd5 22.
Qd2 Ne3 23. Rf2 Rac8 24. Qb4 Qd5 25. Qb3 Qxb3 26. cxb3 1/2-1/2

[Event "26.Schlosspark-Open"]
[Site "Wiesbaden-Biebrich"]
[Date "2014.08.30"]
[Round "4.60"]
[White "Künitz, Klaus"]
[Black "Seifert, Norbert"]
[Result "0-1"]
[WhiteElo "1604"]
[BlackElo "2000"]
[PlyCount "54"]
[EventDate "2014.??.??"]
[WhiteTeam "TSV Schott Mainz"]
[BlackTeam "SF Neuberg"]

1. d4 Nf6 2. c4 e5 3. d5 Bc5 4. Nf3 d6 5. Nc3 Bg4 6. Bg5 Nbd7 7. e4 h6 8. Bh4
g5 9. Bg3 Bb4 10. Qc2 Nc5 11. Nd2 Bxc3 12. bxc3 Nh5 13. f3 Nxg3 14. hxg3 Bd7
15. Be2 Qf6 16. Nf1 h5 17. Ne3 O-O-O 18. a4 h4 19. g4 Qf4 20. Nf5 Bxf5 21. exf5
e4 22. Rh3 Rde8 23. Kf1 exf3 24. gxf3 Re3 25. Re1 Rhe8 26. Kg2 Ne4 27. fxe4
Rxh3 0-1

[Event "26.Schlosspark-Open"]
[Site "Wiesbaden-Biebrich"]
[Date "2014.08.30"]
[Round "4.61"]
[White "Stallknecht, Britta"]
[Black "Anhalt, Albert"]
[Result "1-0"]
[WhiteElo "1618"]
[BlackElo "1909"]
[PlyCount "111"]
[EventDate "2014.??.??"]
[WhiteTeam "SK Großsachsen"]
[BlackTeam "SG Turm Idstein"]

1. e4 e5 2. Nf3 Nc6 3. Bb5 a6 4. Ba4 Nf6 5. d3 b5 6. Bb3 d6 7. Bg5 Be7 8. h3
Na5 9. Nbd2 Nxb3 10. Nxb3 c5 11. c3 O-O 12. O-O Bb7 13. Nbd2 Rc8 14. Re1 Nd7
15. Be3 d5 16. d4 exd4 17. cxd4 dxe4 18. Ne5 Nxe5 19. dxe5 Qc7 20. Bf4 Rcd8 21.
Qc2 f5 22. exf6 Qxf4 23. fxe7 Rxd2 24. exf8=Q+ Kxf8 25. Qxc5+ Kg8 26. Qe3 Qd6
27. Re2 Rd3 28. Qg5 h6 29. Qc1 Qd5 30. Re3 a5 31. Qc2 a4 32. a3 Rd2 33. Qc3 Rd4
34. Rc1 Rc4 35. Qe1 Rd4 36. Qa5 Rd2 37. Qc3 Rd4 38. Qc5 Rd1+ 39. Kh2 Rxc1 40.
Qxc1 h5 41. Qc7 h4 42. Qe7 g5 43. Qf6 Bc6 44. g3 Bd7 45. gxh4 gxh4 46. Qxh4 Kf7
47. Qf4+ Bf5 48. Rg3 Ke6 49. Rg5 Qe5 50. Rxf5 Qxf5 51. Qxf5+ Kxf5 52. Kg3 Ke5
53. h4 Kd4 54. h5 Kc4 55. h6 Kb3 56. h7 1-0

[Event "26.Schlosspark-Open"]
[Site "Wiesbaden-Biebrich"]
[Date "2014.08.30"]
[Round "4.62"]
[White "Rosmanitz, Anna"]
[Black "Budde, Michael"]
[Result "0-1"]
[WhiteElo "1599"]
[BlackElo "1884"]
[PlyCount "126"]
[EventDate "2014.??.??"]
[WhiteTeam "SC 1979 Hattersheim"]
[BlackTeam "SC Flörsheim 1921"]

1. e4 d5 2. exd5 Nf6 3. Nc3 Nxd5 4. Bc4 e6 5. Qf3 c6 6. d4 Bb4 7. Nge2 Nd7 8.
O-O O-O 9. Qg3 Qc7 10. Qh4 Be7 11. Qh3 Nb4 12. a3 Nb6 13. Bb3 N4d5 14. Ne4 e5
15. Qh5 exd4 16. Nxd4 Nf6 17. Nxf6+ Bxf6 18. Ne2 g6 19. Qf3 Be5 20. Kh1 Re8 21.
Ng3 Be6 22. Re1 Bxb3 23. cxb3 Rad8 24. Bg5 Rd5 25. Bf6 Re6 26. Ne4 Nd7 27. Bxe5
Rdxe5 28. Re3 Rf5 29. Qe2 Rh5 30. Ng3 Rhe5 31. Ne4 Kg7 32. Re1 Nb6 33. Qd3 Nd5
34. Nc5 Rxe3 35. Rxe3 Rxe3 36. fxe3 b6 37. Qd4+ Kg8 38. Nd3 Qe7 39. e4 Nf6 40.
e5 Nd7 41. Qe4 Qe6 42. b4 f6 43. Kg1 Nxe5 44. Nf4 Qc4 45. Qe3 c5 46. Qd2 Qd4+
47. Qxd4 cxd4 48. Kf2 Kf7 49. Ke2 f5 50. a4 Ke7 51. b5 Kd6 52. b4 g5 53. Nh3 h6
54. Nf2 Kd5 55. Nd3 Nxd3 56. Kxd3 f4 57. a5 g4 58. h4 gxh3 59. gxh3 f3 60. a6
h5 61. h4 Ke5 62. Kd2 Ke4 63. Ke1 Ke3 0-1

[Event "26.Schlosspark-Open"]
[Site "Wiesbaden-Biebrich"]
[Date "2014.08.30"]
[Round "4.63"]
[White "Bolduan, Michael"]
[Black "Färber, David"]
[Result "1-0"]
[WhiteElo "1870"]
[BlackElo "1691"]
[PlyCount "53"]
[EventDate "2014.??.??"]
[WhiteTeam "SC Taunusstein 1966"]
[BlackTeam "SV 1947 Walldorf"]

1. e4 c6 2. d3 d5 3. Nd2 dxe4 4. dxe4 Nf6 5. Bc4 e6 6. Ngf3 Be7 7. O-O O-O 8.
Qe2 Nbd7 9. e5 Nd5 10. Ne4 Nc5 11. Nxc5 Bxc5 12. Bg5 Be7 13. Bd2 Qc7 14. Rad1
Rd8 15. Bb3 Bd7 16. a3 Rac8 17. c4 Nb6 18. Bc2 Bf8 19. Bxh7+ Kxh7 20. Ng5+ Kg6
21. h4 Qb8 22. h5+ Kh6 23. Nxf7+ Kh7 24. Ng5+ Kh6 25. Qe4 Kxh5 26. Qh7+ Kg4 27.
Qh3# 1-0

[Event "26.Schlosspark-Open"]
[Site "Wiesbaden-Biebrich"]
[Date "2014.08.30"]
[Round "4.64"]
[White "Happel, Jürgen"]
[Black "Biastoch, Bennet"]
[Result "0-1"]
[WhiteElo "1574"]
[BlackElo "1765"]
[PlyCount "110"]
[EventDate "2014.??.??"]
[WhiteTeam "SV 1920 Hofheim"]
[BlackTeam "SG Aufbau Elbe Magdeburg"]

1. d4 Nf6 2. h3 g6 3. Bf4 Bg7 4. e3 O-O 5. Nf3 d6 6. c3 c5 7. Be2 cxd4 8. exd4
Nc6 9. O-O Nd5 10. Bh2 e5 11. dxe5 dxe5 12. Bc4 Nb6 13. Bb3 Bf5 14. Nfd2 Bh6
15. Nc4 Nxc4 16. Bxc4 Qb6 17. Qb3 Qxb3 18. Bxb3 Rad8 19. Na3 Bd3 20. Rfd1 e4
21. Bc4 Rfe8 22. Bg3 a6 23. Bxd3 exd3 24. Nc4 Re6 25. h4 b5 26. Nd2 Re2 27. f4
Ne7 28. Nb3 Nf5 29. Bh2 Ne3 30. Rd2 Rxd2 31. Nxd2 Nc4 32. Nxc4 bxc4 33. Rd1 Bg7
34. Rd2 a5 35. a3 a4 36. Kf2 Re8 37. Bg3 h5 38. Kf1 Kf8 39. Kf2 Ke7 40. Kf3 Kf6
41. Bf2 Kf5 42. g3 Re6 43. Be3 Bf8 44. Bf2 Bd6 45. Be3 Bc7 46. Bf2 Bb6 47. Bxb6
Rxb6 48. Rf2 Re6 49. Rd2 Re1 50. Kf2 Rc1 51. Ke3 Kg4 52. Kf2 Rc2 53. Ke3 Rxd2
54. Kxd2 Kf3 55. b4 axb3 0-1

[Event "26.Schlosspark-Open"]
[Site "Wiesbaden-Biebrich"]
[Date "2014.08.30"]
[Round "4.65"]
[White "Huber, Timm"]
[Black "Triantafillidis, Dimitrios"]
[Result "1-0"]
[WhiteElo "1847"]
[BlackElo "1659"]
[PlyCount "85"]
[EventDate "2014.??.??"]
[WhiteTeam "SJ Herborn 1998"]
[BlackTeam "SF HN-Biberach 1978 e.V."]

1. d4 d5 2. c4 e5 3. dxe5 d4 4. Nf3 Nc6 5. h3 Nge7 6. e3 dxe3 7. Qxd8+ Nxd8 8.
Bxe3 Ndc6 9. Nc3 Ng6 10. O-O-O Be6 11. Nb5 Rc8 12. Nbd4 Bc5 13. Nxc6 Bxe3+ 14.
fxe3 bxc6 15. Be2 O-O 16. Rd2 Rfe8 17. Rhd1 Bf5 18. Bd3 Bxd3 19. Rxd3 Nxe5 20.
Nxe5 Rxe5 21. Rd8+ Re8 22. Rxc8 Rxc8 23. Rd7 Kf8 24. Kc2 Ke8 25. Rd4 Ke7 26.
Kd3 Kf6 27. Rf4+ Kg6 28. b3 Rd8+ 29. Rd4 Rc8 30. Rg4+ Kf6 31. Kd4 Rd8+ 32. Kc5
Rd2 33. Kxc6 Rxa2 34. Kxc7 Rb2 35. c5 Rxb3 36. Rd4 Rxe3 37. c6 Ke7 38. Rd7+ Ke8
39. Kc8 a5 40. Ra7 Rc3 41. c7 Rc5 42. Kb8 Kd7 43. c8=Q+ 1-0

[Event "26.Schlosspark-Open"]
[Site "Wiesbaden-Biebrich"]
[Date "2014.08.30"]
[Round "4.66"]
[White "Timar-Geng, Zoltan"]
[Black "Roos, Elias"]
[Result "1-0"]
[WhiteElo "1841"]
[BlackElo "1648"]
[PlyCount "49"]
[EventDate "2014.??.??"]
[WhiteTeam "SC Eulenspiegel Regensb."]
[BlackTeam "SG Trier"]

1. d4 d5 2. c4 c6 3. Nf3 Nf6 4. Nc3 e6 5. e3 Nbd7 6. Qc2 Bd6 7. Bd3 dxc4 8.
Bxc4 b5 9. Bb3 Bb7 10. O-O O-O 11. e4 e5 12. Bg5 a6 13. Rad1 exd4 14. Rxd4 Bc5
15. Rd3 Qc7 16. Bxf6 Nxf6 17. e5 Ng4 18. Ne4 Ba7 19. e6 c5 20. Rd7 Qc6 21. Bd5
Qxd7 22. exd7 Bxd5 23. Rd1 Bxe4 24. Qxe4 Nf6 25. Qxa8 1-0

[Event "26.Schlosspark-Open"]
[Site "Wiesbaden-Biebrich"]
[Date "2014.08.30"]
[Round "4.67"]
[White "Weber, Sandra"]
[Black "Moseler, Thomas"]
[Result "1-0"]
[WhiteElo "1800"]
[BlackElo "1628"]
[PlyCount "91"]
[EventDate "2014.??.??"]
[WhiteTeam "SC Neckarsulm e.V."]
[BlackTeam "SK Lister Turm"]

1. e4 e5 2. Nf3 Nc6 3. Bb5 a6 4. Ba4 Nf6 5. O-O Be7 6. Re1 d6 7. c3 b5 8. Bc2
O-O 9. d3 Bg4 10. h3 Bh5 11. Be3 d5 12. exd5 Nxd5 13. d4 Nxe3 14. fxe3 Qd7 15.
Be4 Rad8 16. Bxc6 Qxc6 17. Nxe5 Qh6 18. Qd3 Bf6 19. Ng4 Bxg4 20. hxg4 Bh4 21.
g3 Bxg3 22. Re2 Rfe8 23. Nd2 Re6 24. Nf1 Rde8 25. Nxg3 Qh3 26. e4 Qxg4 27. Rg2
Rg6 28. e5 h5 29. Qf5 Qxf5 30. Nxf5 Rxg2+ 31. Kxg2 g6 32. Ne3 c6 33. a4 Kf8 34.
axb5 axb5 35. Nc2 Ke7 36. Ra7+ Ke6 37. Rc7 Rb8 38. Rxc6+ Kf5 39. Rf6+ Ke4 40.
Rxf7 Re8 41. Rg7 Kf5 42. Nb4 g5 43. Nd5 g4 44. Rh7 Kg6 45. Nf6 Kg5 46. Nxe8 1-0

[Event "26.Schlosspark-Open"]
[Site "Wiesbaden-Biebrich"]
[Date "2014.08.30"]
[Round "4.68"]
[White "Reinisch, Markus"]
[Black "Niedenthal, Robert"]
[Result "0-1"]
[WhiteElo "1563"]
[BlackElo "1828"]
[PlyCount "50"]
[EventDate "2014.??.??"]
[WhiteTeam "Wiesbadener SV 1885"]
[BlackTeam "SV 1920 Hofheim"]

1. d4 Nf6 2. c4 c5 3. d5 b5 4. cxb5 e6 5. Nc3 exd5 6. Nxd5 Bb7 7. Nxf6+ Qxf6 8.
Nf3 d5 9. e3 Bd6 10. Rb1 O-O 11. b3 Re8 12. Bb2 d4 13. Be2 Nd7 14. O-O Qh6 15.
h3 dxe3 16. fxe3 Qxe3+ 17. Kh1 Qf4 18. Be5 Bxe5 19. Nxe5 Qxe5 20. Qxd7 Bxg2+
21. Kxg2 Qxe2+ 22. Kg1 Qe3+ 23. Kh1 Re7 24. Rbe1 Qxe1 25. Rxe1 Rxd7 0-1

[Event "26.Schlosspark-Open"]
[Site "Wiesbaden-Biebrich"]
[Date "2014.08.30"]
[Round "4.69"]
[White "Troeger, Beate"]
[Black "Bajorski, Marius"]
[Result "0-1"]
[WhiteElo "1540"]
[BlackElo "1807"]
[PlyCount "62"]
[EventDate "2014.??.??"]
[WhiteTeam "Vorw.Orient Mainz"]
[BlackTeam "SV 1920 Hofheim"]

1. f4 c5 2. Nf3 e6 3. b3 Qc7 4. e3 Nf6 5. Bb2 Be7 6. Bd3 d5 7. Ne5 a6 8. O-O
Nbd7 9. a4 b6 10. Na3 O-O 11. Qf3 Bb7 12. Qh3 h6 13. Rac1 Rfe8 14. c4 Bf8 15.
Nxd7 Nxd7 16. f5 d4 17. fxe6 Rxe6 18. Qf5 Nf6 19. Qh3 Bd6 20. exd4 cxd4 21. Nc2
Rd8 22. Bxd4 Bc5 23. Bxc5 Qxc5+ 24. Rf2 Be4 25. b4 Qg5 26. Bxe4 Nxe4 27. Rxf7
Kxf7 28. Qf3+ Kg8 29. Rf1 Nf6 30. Ne3 Rxd2 31. Ng4 Qxg4 0-1

[Event "26.Schlosspark-Open"]
[Site "Wiesbaden-Biebrich"]
[Date "2014.08.30"]
[Round "4.70"]
[White "Sergakis, Leonidas"]
[Black "Lehmann, Falko"]
[Result "1/2-1/2"]
[WhiteElo "1803"]
[BlackElo "1578"]
[PlyCount "90"]
[EventDate "2014.??.??"]
[WhiteTeam "O.F.C Chania"]
[BlackTeam "SC Taunusstein 1966"]

1. Nf3 Nf6 2. c4 Nc6 3. g3 e5 4. d3 Bc5 5. Bg2 d6 6. O-O O-O 7. Nc3 Re8 8. Bg5
h6 9. Bxf6 Qxf6 10. Nd5 Qd8 11. Qd2 a6 12. b4 Ba7 13. Rab1 Ne7 14. Nxe7+ Qxe7
15. e3 Be6 16. Rbc1 c6 17. a3 Rad8 18. Qc3 f6 19. Nd2 d5 20. Qc2 Qd7 21. c5 Rc8
22. Rfe1 b6 23. Nb3 f5 24. cxb6 Bxb6 25. Nc5 Bxc5 26. Qxc5 e4 27. d4 Re7 28.
Bf1 Qa7 29. Qa5 Qc7 30. Qxa6 Qa7 31. Qxa7 Rxa7 32. Rc3 Bd7 33. Rec1 Raa8 34.
Be2 Kf7 35. Ra1 Ke6 36. Rc5 Rcb8 37. Rcc1 g6 38. Kf1 h5 39. Ke1 Kd6 40. Kd2 Be8
41. a4 Bd7 42. Kc3 Bc8 43. Kb3 Ba6 44. Bxa6 Rxa6 45. Rc5 Rab6 1/2-1/2

[Event "26.Schlosspark-Open"]
[Site "Wiesbaden-Biebrich"]
[Date "2014.08.30"]
[Round "4.71"]
[White "Zeyen, Helmut"]
[Black "Künne, Lutz Dieter"]
[Result "1-0"]
[WhiteElo "1801"]
[BlackElo "1542"]
[PlyCount "57"]
[EventDate "2014.??.??"]
[WhiteTeam "Wiesbadener SV 1885"]
[BlackTeam "Kings Club 98 Jena"]

1. e4 d5 2. exd5 Qxd5 3. Nc3 Qd6 4. d4 Nf6 5. Nf3 c6 6. g3 Bg4 7. Bg2 Nbd7 8.
O-O Nd5 9. Ne4 Qg6 10. Re1 O-O-O 11. c4 N5f6 12. Nxf6 gxf6 13. Qb3 Qf5 14. Nh4
Qa5 15. Be3 e6 16. d5 exd5 17. cxd5 cxd5 18. Bxd5 b6 19. Qc4+ Bc5 20. b4 Ne5
21. bxa5 Nxc4 22. Bxc4 Bxe3 23. Rxe3 Rhf8 24. Rc1 Kb8 25. axb6 axb6 26. Kg2 Bc8
27. Rb1 Bb7+ 28. Nf3 Rc8 29. Bd3 1-0

[Event "26.Schlosspark-Open"]
[Site "Wiesbaden-Biebrich"]
[Date "2014.08.30"]
[Round "4.72"]
[White "Suller, Lorant"]
[Black "Diskovskyi, Igor"]
[Result "1-0"]
[WhiteElo "1775"]
[BlackElo "1564"]
[PlyCount "91"]
[EventDate "2014.??.??"]
[WhiteTeam "vereinslos"]
[BlackTeam "FC 1934 Wiesbaden-Bierstadt"]

1. e4 e5 2. Nf3 Nc6 3. b3 Bc5 4. Nc3 Nf6 5. h3 O-O 6. Be2 d6 7. O-O Be6 8. d3
Nd4 9. Na4 Nxf3+ 10. Bxf3 Bb6 11. Nxb6 axb6 12. Bg5 h6 13. Be3 Nh7 14. Bg4 Qd7
15. f4 Bxg4 16. hxg4 exf4 17. Rxf4 Ra5 18. Rf5 Rfa8 19. Rxa5 Rxa5 20. Bd2 Ra8
21. a4 Qe6 22. Kh2 Qg6 23. Qf3 Nf6 24. Kh3 Nd7 25. Qf5 Qe6 26. Rf1 c5 27. Kg3
Ne5 28. Bc3 Re8 29. Bxe5 Qxe5+ 30. Kh3 Qe6 31. Rf2 Rd8 32. Kg3 g6 33. Qxe6 fxe6
34. Kh4 Kg7 35. g5 h5 36. Rf6 Re8 37. Kg3 Re7 38. Kf3 Rf7 39. e5 dxe5 40. Rxf7+
Kxf7 41. Ke4 h4 42. Kxe5 Ke7 43. c3 Kf7 44. Kd6 e5 45. Kxe5 Ke7 46. d4 1-0

[Event "26.Schlosspark-Open"]
[Site "Wiesbaden-Biebrich"]
[Date "2014.08.30"]
[Round "4.73"]
[White "Kirchner, Markus"]
[Black "Hafensteiner, Tim"]
[Result "0-1"]
[WhiteElo "1519"]
[BlackElo "1768"]
[PlyCount "54"]
[EventDate "2014.??.??"]
[WhiteTeam "SF Schöneck"]
[BlackTeam "Biebertaler SF"]

1. e4 e5 2. Nf3 Nc6 3. Bc4 Bc5 4. c3 Nf6 5. d4 exd4 6. e5 d5 7. Be2 Ne4 8. cxd4
Bb6 9. Nc3 O-O 10. Be3 f5 11. O-O f4 12. Bc1 g5 13. h3 Kh8 14. Na4 g4 15. Nxb6
axb6 16. hxg4 Bxg4 17. b3 Rf5 18. Nh2 Bxe2 19. Qxe2 Nxd4 20. Qg4 Qg8 21. Bb2
Qxg4 22. Nxg4 Ne2+ 23. Kh1 Rh5+ 24. Nh2 N4g3+ 25. fxg3 fxg3 26. e6+ Kg8 27.
Rf8+ Rxf8 0-1

[Event "26.Schlosspark-Open"]
[Site "Wiesbaden-Biebrich"]
[Date "2014.08.30"]
[Round "4.74"]
[White "Lehmann, Wolfgang"]
[Black "Krischak, Werner"]
[Result "0-1"]
[WhiteElo "1500"]
[BlackElo "1764"]
[PlyCount "74"]
[EventDate "2014.??.??"]
[WhiteTeam "Wiesbadener SV 1885"]
[BlackTeam "SK Marburg 1931/72"]

1. d4 d5 2. Nf3 Nf6 3. c3 c5 4. e3 Qb6 5. Nbd2 Bg4 6. Be2 Nbd7 7. O-O e6 8. a3
c4 9. b3 cxb3 10. Qxb3 Qxb3 11. Nxb3 Rc8 12. Bb2 Ne4 13. Rac1 Nd6 14. Nbd2 Nb6
15. Bd1 Be7 16. Re1 Ndc4 17. Nxc4 Nxc4 18. Rc2 Bf5 19. Rd2 O-O 20. Be2 Nxd2 21.
Nxd2 Rc6 22. c4 Rfc8 23. c5 b6 24. Bb5 R6c7 25. c6 Ra8 26. Rc1 a6 27. Be2 f6
28. g4 Bg6 29. h4 Be8 30. e4 Rxc6 31. Rxc6 Bxc6 32. exd5 Bxd5 33. Bf3 Bxf3 34.
Nxf3 Rc8 35. d5 e5 36. g5 Rc2 37. gxf6 gxf6 0-1

[Event "26.Schlosspark-Open"]
[Site "Wiesbaden-Biebrich"]
[Date "2014.08.30"]
[Round "4.75"]
[White "Brandt, Michael"]
[Black "Thybo, Thomas Sondergaard"]
[Result "0-1"]
[WhiteElo "1762"]
[BlackElo "1525"]
[PlyCount "78"]
[EventDate "2014.??.??"]
[WhiteTeam "Wiesbadener SV 1885"]
[BlackTeam "Morso Skak Klub"]

1. f4 Nf6 2. Nf3 c5 3. e3 d5 4. Be2 Bf5 5. d3 Nc6 6. O-O g6 7. c3 Bg7 8. a4 a6
9. Qe1 O-O 10. Bd2 Rc8 11. Na3 Re8 12. Qg3 Nh5 13. Qh4 Bf6 14. Qf2 Qb6 15. d4
c4 16. Rab1 Bxb1 17. Rxb1 Bg7 18. Bd1 Na5 19. b4 cxb3 20. Be1 Nf6 21. Qb2 Nc4
22. Qxb3 Qxb3 23. Rxb3 Nxe3 24. Be2 Rc7 25. Bd2 Nf5 26. Ne5 Ne4 27. Be1 Bxe5
28. fxe5 Rec8 29. Nb1 Nxd4 30. cxd4 Rc1 31. Kf1 R8c2 32. Rxb7 Ra2 33. g3 Kg7
34. a5 g5 35. Rb6 h5 36. Rb7 h4 37. gxh4 g4 38. Na3 Rxa3 39. Rb2 Raa1 0-1

[Event "26.Schlosspark-Open"]
[Site "Wiesbaden-Biebrich"]
[Date "2014.08.30"]
[Round "4.76"]
[White "Triantafillidis, Simeon"]
[Black "Wachsmann, Dietmar"]
[Result "0-1"]
[WhiteElo "1361"]
[BlackElo "1760"]
[PlyCount "72"]
[EventDate "2014.??.??"]
[WhiteTeam "SF HN-Biberach 1978 e.V."]
[BlackTeam "SC Groß-Umstadt"]

1. e4 d6 2. d4 Nf6 3. Nc3 e5 4. dxe5 dxe5 5. Qxd8+ Kxd8 6. Bg5 Be6 7. O-O-O+
Kc8 8. a3 Bc5 9. f3 h6 10. Bh4 Nbd7 11. Bg3 Nh5 12. Bd3 Nxg3 13. hxg3 c6 14.
Kb1 Kc7 15. f4 Nf6 16. Nf3 Ng4 17. Rhf1 Ne3 18. Nxe5 Nxd1 19. Rxd1 f6 20. Nf3
Rad8 21. e5 fxe5 22. Nxe5 Bd4 23. Ng6 Rhe8 24. Re1 Bxc3 25. bxc3 Ba2+ 26. Kxa2
Rxe1 27. Ne5 Rg1 28. Be4 Rdd1 29. g4 b5 30. c4 Ra1+ 31. Kb3 Rgb1+ 32. Kc3 Rxa3+
33. Kd2 bxc4 34. Nxc4 Ra4 35. Bd3 Rg1 36. g3 Rxg3 0-1

[Event "26.Schlosspark-Open"]
[Site "Wiesbaden-Biebrich"]
[Date "2014.08.30"]
[Round "4.77"]
[White "Wilke, Tabea"]
[Black "Viol, Julius"]
[Result "0-1"]
[WhiteElo "1750"]
[BlackElo "1516"]
[PlyCount "77"]
[EventDate "2014.??.??"]
[WhiteTeam "SC 1979 Hattersheim"]
[BlackTeam "FC 1934 Wiesbaden-Bierstadt"]

1. e4 c5 2. Nc3 Nc6 3. Bb5 d6 4. Bxc6+ bxc6 5. f4 g6 6. Nf3 Bg7 7. O-O d5 8. d3
d4 9. Ne2 Nf6 10. Ne5 Qc7 11. Qe1 Nh5 12. Nc4 Nf6 13. Ng3 Bd7 14. a3 O-O 15. e5
Nd5 16. Ne4 Bf5 17. Nxc5 Nb6 18. Nd2 Nd7 19. Nce4 c5 20. b3 Rab8 21. Bb2 a5 22.
a4 Rfe8 23. Rb1 Rb7 24. Qd1 h5 25. Nf2 Qc6 26. Qe1 Bh6 27. Nh1 Reb8 28. Nc4 Qc7
29. Nxa5 Ra7 30. Nc4 Nb6 31. Nxb6 Rxb6 32. Ba3 Rab7 33. Qd2 Rc6 34. Rfe1 Kg7
35. Ng3 Qd7 36. Nxf5+ Qxf5 37. Rf1 Qxe5 38. Rbe1 Qc7 39. Qf2 {ZÜ} 0-1